| 000 | 00651nam a22002057a 4500 | ||
|---|---|---|---|
| 003 | DO-SdBNP | ||
| 005 | 20220929100057.0 | ||
| 007 | ta | ||
| 008 | 220929b1981 dr ||||| |||| 00| 0 spa d | ||
| 040 |
_aDO-SdBNP _bspa _cBNPHU |
||
| 082 | 4 | _222 | |
| 111 | 1 |
_aTreinta asamblea anual _d(16 y 17 de mayo 1981 _cSanto Domingo) _952742 |
|
| 245 | 1 | 0 | _aInforme anual |
| 260 |
_aSanto Domingo : _bFederación dominicana de cooperativas de ahorros y credito, _c1981. |
||
| 300 |
_a103 p. ; _c21 cm. |
||
| 590 | _aInventariado, 2022/BT | ||
| 710 | 1 |
_aFederación Dominicana de Cooperativas de Ahorro y Credito _952743 |
|
| 910 | _aBtavárez | ||
| 942 |
_2ddc _cLBS1 |
||
| 999 |
_c52489 _d52489 |
||